<?xml version="1.0" encoding="UTF-8"?>
<record
    xmlns:xsi="http://www.w3.org/2001/XMLSchema-instance"
    xsi:schemaLocation="http://www.loc.gov/MARC21/slim http://www.loc.gov/standards/marcxml/schema/MARC21slim.xsd"
    xmlns="http://www.loc.gov/MARC21/slim">

  <leader>03594cam a2200361 a 4500</leader>
  <controlfield tag="001">15931079</controlfield>
  <controlfield tag="005">20141130110205.0</controlfield>
  <controlfield tag="008">091002s2010    xxkadk frb   f001 0 eng d</controlfield>
  <datafield tag="020" ind1=" " ind2=" ">
    <subfield code="a">9780521515160 (hardcover)</subfield>
  </datafield>
  <datafield tag="020" ind1=" " ind2=" ">
    <subfield code="a">0521515165 (hardcover)</subfield>
  </datafield>
  <datafield tag="020" ind1=" " ind2=" ">
    <subfield code="a">0521735807 (pbk.)</subfield>
  </datafield>
  <datafield tag="020" ind1=" " ind2=" ">
    <subfield code="a">9780521735803 (pbk.)</subfield>
  </datafield>
  <datafield tag="040" ind1=" " ind2=" ">
    <subfield code="a">DLC</subfield>
    <subfield code="c">DLC</subfield>
    <subfield code="d">C#P</subfield>
    <subfield code="d">BWX</subfield>
    <subfield code="d">YDXCP</subfield>
    <subfield code="d">CDX</subfield>
    <subfield code="d">DLC</subfield>
    <subfield code="d">EG-ScBUE</subfield>
  </datafield>
  <datafield tag="043" ind1=" " ind2=" ">
    <subfield code="a">n-us---</subfield>
  </datafield>
  <datafield tag="082" ind1="0" ind2="0">
    <subfield code="a">330.1220973</subfield>
    <subfield code="2">22</subfield>
    <subfield code="b">CON</subfield>
  </datafield>
  <datafield tag="245" ind1="0" ind2="0">
    <subfield code="a">Contemporary capitalism and its crises :</subfield>
    <subfield code="b">social structure of accumulation theory for the 21st century /</subfield>
    <subfield code="c">edited by Terrence McDonough, Michael Reich, David M. Kotz.</subfield>
  </datafield>
  <datafield tag="260" ind1=" " ind2=" ">
    <subfield code="a">Cambridge, United Kingdom ;</subfield>
    <subfield code="a">New York, United States :</subfield>
    <subfield code="b">Cambridge University Press,</subfield>
    <subfield code="c">2010.</subfield>
  </datafield>
  <datafield tag="300" ind1=" " ind2=" ">
    <subfield code="a">xiii, 360 p. :</subfield>
    <subfield code="b">charts, forms, tables ;</subfield>
    <subfield code="c">23 cm.</subfield>
  </datafield>
  <datafield tag="500" ind1=" " ind2=" ">
    <subfield code="a">Index : p. 355-360.</subfield>
  </datafield>
  <datafield tag="504" ind1=" " ind2=" ">
    <subfield code="a">Includes bibliographical references.</subfield>
  </datafield>
  <datafield tag="505" ind1="0" ind2=" ">
    <subfield code="a">Introduction : social structure of accumulation theory for the 21st century / Terrence McDonough, Michael Reich, and David M. Kotz-The state of the art of social structure of accumulation theory / Terrence McDonough-Social structure of accumulation theory / Victor D. Lippit-A reconceptualization of social structure of accumulation theory / Martin H. Wolfson and David M. Kotz-Global neoliberalism and the contemporary social structure of accumulation / David M. Kotz and Terrence McDonough-Globalization or spatialization ? : the worldwide spatial restructuring of the labor process / Michael Wallace and David Brady-Financialization in the contemporary social structure of accumulation / William K. Tabb-Global neoliberalism and the possibility of transnational state structures / Emlyn Nardone and Terrence McDonough-Labor in the contemporary social structure of accumulation / Samuel Rosenberg-The rise of CEO pay and the contemporary social structure of accumulation in the United States / Robert Boyer-Social structures of accumulation and the criminal justice system / Susan M. Carlson ... [et al.]-The social structure of accumulation in South Africa / James Heintz-Social structures of accumulation and the condition of the working class in Mexico / Carlos Salas-Social structure of accumulation theory for the Arab world : the economies of Egypt, Jordan, and Kuwait in the regional system / Karen Pfeifer.</subfield>
  </datafield>
  <datafield tag="520" ind1=" " ind2=" ">
    <subfield code="a">"This volume analyses contemporary capitalism and its crises based on a theory of capitalist evolution known as the social structure of accumulation (SSA) theory. It applies this theory to explain the severe financial and economic crisis that broke out in 2008 and the kind of changes required to resolve it. The editors and contributors make available new work within this school of thought on such issues as the rise and persistence of the "neoliberal," or "free-market," form of capitalism since 1980 and the growing globalization and financialization of the world economy. The collection includes analyses of the U.S. economy as well as that of several parts of the developing world"-Provided by publisher.</subfield>
  </datafield>
  <datafield tag="650" ind1=" " ind2="0">
    <subfield code="a">Capitalism</subfield>
    <subfield code="z">United States</subfield>
    <subfield code="x">History</subfield>
    <subfield code="9">36656</subfield>
    <subfield code="y">21st century</subfield>
  </datafield>
  <datafield tag="650" ind1=" " ind2="0">
    <subfield code="a">Saving and investment</subfield>
    <subfield code="z">United States</subfield>
    <subfield code="9">36694</subfield>
    <subfield code="x">History</subfield>
    <subfield code="y">21th century</subfield>
  </datafield>
  <datafield tag="650" ind1=" " ind2="0">
    <subfield code="a">Global Financial Crisis, 2008-2009</subfield>
    <subfield code="9">12473</subfield>
  </datafield>
  <datafield tag="651" ind1=" " ind2="0">
    <subfield code="a">United States</subfield>
    <subfield code="x">Economic conditions</subfield>
    <subfield code="y">2009-</subfield>
    <subfield code="9">36695</subfield>
  </datafield>
  <datafield tag="653" ind1=" " ind2=" ">
    <subfield code="b">BUSADM</subfield>
    <subfield code="c">November2014</subfield>
  </datafield>
  <datafield tag="655" ind1=" " ind2=" ">
    <subfield code="v">reading book</subfield>
    <subfield code="9">34232</subfield>
  </datafield>
  <datafield tag="700" ind1="1" ind2=" ">
    <subfield code="a">McDonough, Terrence</subfield>
    <subfield code="9">36696</subfield>
    <subfield code="e">editor.</subfield>
  </datafield>
  <datafield tag="700" ind1="1" ind2=" ">
    <subfield code="a">Reich, Michael</subfield>
    <subfield code="9">36697</subfield>
    <subfield code="e">editor.</subfield>
  </datafield>
  <datafield tag="700" ind1="1" ind2=" ">
    <subfield code="a">Kotz, David M.</subfield>
    <subfield code="q">(David Michael),</subfield>
    <subfield code="d">1943-</subfield>
    <subfield code="9">36698</subfield>
    <subfield code="e">editor.</subfield>
  </datafield>
  <datafield tag="942" ind1=" " ind2=" ">
    <subfield code="2">ddc</subfield>
    <subfield code="k">330.1220973 CON</subfield>
  </datafield>
  <datafield tag="999" ind1=" " ind2=" ">
    <subfield code="c">18681</subfield>
    <subfield code="d">18653</subfield>
  </datafield>
  <datafield tag="952" ind1=" " ind2=" ">
    <subfield code="0">0</subfield>
    <subfield code="1">0</subfield>
    <subfield code="2">ddc</subfield>
    <subfield code="4">0</subfield>
    <subfield code="7">0</subfield>
    <subfield code="8">Baccah</subfield>
    <subfield code="a">MAIN</subfield>
    <subfield code="b">MAIN</subfield>
    <subfield code="c">1ST</subfield>
    <subfield code="d">2014-11-30</subfield>
    <subfield code="e">Purchase</subfield>
    <subfield code="g">182.00</subfield>
    <subfield code="h">20677</subfield>
    <subfield code="l">1</subfield>
    <subfield code="o">330.1220973 CON</subfield>
    <subfield code="p">000037063</subfield>
    <subfield code="r">2025-07-15 00:00:00</subfield>
    <subfield code="s">2017-11-28</subfield>
    <subfield code="v">227.50</subfield>
    <subfield code="y">BB</subfield>
  </datafield>
</record>
